Les joueurs du PSG en Ligue des Champions 2016/17. - Statistiques

Statistiques générales
  • Ce quiz a été pris 39 fois
  • Le résultat moyen est 15 sur 24
Statistiques - réponses
Pays Ages Joueurs Minutes G+A Notes % Correct
Uruguay 29 Edinson Cavani 720 9 7.25
100%
Brésil 22 Marquinhos 720 0 7.04
97%
Italie 23 Marco Verratti 599 2 7.43
94%
Brésil 31 Thiago Silva 585 0 7.01
85%
Argentine 28 Angel Di Maria 540 5 7.39
79%
Allemagne 22 Julian Draxler 161 1 7.25
79%
Belgique 24 Thomas Meunier 454 3 6.77
79%
France 29 Blaise Matuidi 701 3 6.81
76%
Allemagne 25 Kevin Trapp 180 0 6.50
70%
France 23 Alphonse Areola 540 0 6.53
67%
Argentine 27 Javier Pastore 15 0 6.30
67%
France 20 Presnel Kimpembe 90 0 7.20
67%
Côte d'Ivoire 23 Serge Aurier 281 1 6.88
67%
Brésil 23 Lucas 512 2 7.40
64%
Italie 33 Thiago Motta 377 0 6.90
64%
France 21 Adrien Rabiot 356 1 7.22
61%
Brésil 34 Maxwell 350 0 6.63
58%
Pologne 26 Grzegorz Krychowiak 209 0 6.44
55%
France 23 Layvin Kurzawa 370 3 6.82
55%
France 18 Christopher Nkunku 21 0 6.60
52%
Espagne 23 Jesé 21 0 6.43
33%
France 29 Hatem Ben Arfa 122 0 6.50
27%
France 19 Jean-Kévin Augustin 1 0 N/N
21%
France 18 Jonathan Ikoné 2 0 N/N
6%
Aucun quiz correspondant
Distribution des résultats
% des personnes avec chaque résultat
Percentile par nombre de réponses
Votre historique - résultats
Vous n’avez pas pris ce quiz